000 00667nam a2200253Ia 4500
003 OSt
005 20220918164812.0
006 a|||||r|||| 00| 0
007 ta
008 220917b |||||||| |||| 00| 0 eng d
020 _a0761965777 (pbk)
024 _a189,091
037 _cTextual
040 _aARTS
_cARTS
_beng
041 _2eng
_aeng
082 _aS : 56 - 86, P0
100 _aGilbert Paul
_920588
245 0 _aCounselling for depression
250 _a2nd ed.
260 _aNew Delhi
_bSage Publications
_c2000
300 _axii, 228 p.
_ccm.
942 _hS : 56 - 86, P0
_cTEXL
_2CC
999 _c126715
_d126715